Media theories and approaches : (Record no. 19377)

MARC details
000 -LEADER
fixed length control field 01315cam a22003495a 4500
001 - CONTROL NUMBER
control field 15427175
005 - DATE AND TIME OF LATEST TRANSACTION
control field 20150519145634.0
008 - FIXED-LENGTH DATA ELEMENTS--GENERAL INFORMATION
fixed length control field 080825s2009 enka frbd 001 0 eng d
020 ## - INTERNATIONAL STANDARD BOOK NUMBER
International Standard Book Number 0230551610 (hbk.)
020 ## - INTERNATIONAL STANDARD BOOK NUMBER
International Standard Book Number 0230551629 (pbk.)
020 ## - INTERNATIONAL STANDARD BOOK NUMBER
International Standard Book Number 9780230551619 (hbk.)
020 ## - INTERNATIONAL STANDARD BOOK NUMBER
International Standard Book Number 9780230551626 (pbk.)
040 ## - CATALOGING SOURCE
Original cataloging agency DLC
Transcribing agency DLC
Modifying agency BWKUK
-- BWK
-- UKM
-- YDXCP
-- BWX
-- CDX
-- NLGGC
-- DLC
-- EG-ScBUE
082 00 - DEWEY DECIMAL CLASSIFICATION NUMBER
Classification number 302.23
Edition number 22
Item number BAL
100 1# - MAIN ENTRY--PERSONAL NAME
Personal name Balnaves, Mark.
9 (RLIN) 38044
245 10 - TITLE STATEMENT
Title Media theories and approaches :
Remainder of title a global perspective /
Statement of responsibility, etc Mark Balnaves, Stephanie Hemelryk Donald, Brian Shoesmith.
260 ## - PUBLICATION, DISTRIBUTION, ETC. (IMPRINT)
Place of publication, distribution, etc Hampshire ;
-- New York :
Name of publisher, distributor, etc Palgrave Macmillan,
Date of publication, distribution, etc 2009.
300 ## - PHYSICAL DESCRIPTION
Extent xx, 339 p. :
Other physical details ill. ;
Dimensions 26 cm.
500 ## - GENERAL NOTE
General note Glossary : p. 304-310.
500 ## - GENERAL NOTE
General note Index : p. 335-339.
504 ## - BIBLIOGRAPHY, ETC. NOTE
Bibliography, etc Bibliography : p. 311-333.
650 #7 - SUBJECT ADDED ENTRY--TOPICAL TERM
Topical term or geographic name as entry element Mass media.
Source of heading or term BUEsh
9 (RLIN) 9699
651 ## - SUBJECT ADDED ENTRY--GEOGRAPHIC NAME
Source of heading or term BUEsh
653 ## - INDEX TERM--UNCONTROLLED
Resource For college Communication and mass media
Arrived date list May2015
655 ## - INDEX TERM--GENRE/FORM
Form subdivision
-- 34232
700 1# - ADDED ENTRY--PERSONAL NAME
Personal name Donald, Stephanie.
700 1# - ADDED ENTRY--PERSONAL NAME
Personal name Shoesmith, Brian.
856 41 - ELECTRONIC LOCATION AND ACCESS
Materials specified Table of contents only
Uniform Resource Identifier <a href="http://www.loc.gov/catdir/toc/ecip0826/2008037818.html">http://www.loc.gov/catdir/toc/ecip0826/2008037818.html</a>
906 ## - LOCAL DATA ELEMENT F, LDF (RLIN)
a 7
b cbc
c orignew
d 1
e ecip
f 20
g y-gencatlg
942 ## - ADDED ENTRY ELEMENTS (KOHA)
Source of classification or shelving scheme Dewey Decimal Classification
Holdings
Withdrawn status Item status Source of classification or shelving scheme Damaged status Not for loan Vendor Home library Current library Shelving location Date acquired Source of acquisition Cost, normal purchase price Serial Enumeration / chronology Total Checkouts Total Renewals Full call number Barcode Date last seen Date last borrowed Cost, replacement price Koha item type
    Dewey Decimal Classification     Baccah Central Library Central Library First floor 19/05/2015   292.00 22487 9 20 302.23 BAL 000038239 15/07/2025 24/12/2020 365.00 Book - Borrowing